000 nam a22 a 4500
999 _c2548
_d2548
003 AKMAL
005 20170517110538.0
008 170517s1994 my 00 may d
020 _a9676104906 (kkt.):
_cRM 8.00
039 9 _a200507120912
_banisatul
040 _aAKMAL
082 _a615.1 AZM
090 _a615.1
_bAZM
100 _aAzmi Sarrif
_95305
245 1 0 _a101 persoalan tentang ubat OTC /
_cDr. Azmi Sarrif
260 _aKuala Lumpur :
_bUtusan Pub.,
_c1994
300 _a105ms. ;
_c18cm
650 _aPharmacology
_95306
650 _aMedicine
_95307
942 _2ddc
_cBOOK